| 000 | 01209cam a2200265 4500 | ||
|---|---|---|---|
| 001 | ABS67011 | ||
| 008 | 030903n2003 000 0 eng u | ||
| 035 | _a(Sirsi) u123480 | ||
| 100 | _aSwanwick, C. | ||
| 245 | _aNature, role and value of green space in towns and cities: an overview | ||
| 260 | _c2003 | ||
| 490 |
_aBuilt Environment _v29(2) 2003, 94-106(13) |
||
| 520 | _aA summary of recent research by the Sheffield University Landscape Department into the role and value of urban parks, play areas and green spaces. The attitudes of people to these spaces and the ways in which local authorities maintain them reveals that urban green space has the ability to contribute positively to some of the key agendas in urban areas including social inclusion, health, sustainability, and urban renewal. Tables, diagrams and references. [Taken from journal headnote]. | ||
| 590 | _aABS | ||
| 650 |
_aSustainability _96271 |
||
| 650 | _aPARKS | ||
| 650 | _aGREEN SPACES | ||
| 650 | _aURBAN RENEWAL | ||
| 650 | _aLANDSCAPE | ||
| 650 | _aSOCIAL INCLUSION | ||
| 690 | _aENVIRONMENTAL AND LAND CONSULTANCY-PLANNING AND DEVELOPMENT | ||
| 700 | _aDunnett, N. | ||
| 700 | _aWoolley, H. | ||
| 942 | _n0 | ||
| 999 |
_c73339 _d73339 |
||